000 00722nam a2200205 a 4500
999 _c10382
_d10382
003 BD-JhCC
005 20190617134007.0
008 180425s2002 ii |||| ||a| 000 0 ben d
035 _a(BD-JhCC)
040 _aBD-JhCC
_dBD-JhCC
041 _aben
082 _a891.4409
_bNAN 2002
245 _aনন্দনতত্ত্ব-জিজ্ঞাসা /
_cতরুন মুখোপাধ্যায় (সম্পাদিত)
260 _aকলকাতা :
_bদে’জ পাবলিশিং,
_c2002
300 _a416 p. :
_c22 cm.
650 _aBengali Literature
700 _aমুখোপাধ্যায়, তরুন (সম্পাদিত)
942 _2ddc
_cBK
_02